000 00281nam a22001217a 4500
008 180314b xxu||||| |||| 00| 0 eng d
041 _aeng
080 _a72
100 _a41
101 _aARK
245 _aStreets for people a primer for americans
_cRudofsky,B
942 _2udc
_cBK
999 _c45055
_d45055